Statistiques concernant Moto GP en question

Cliquez ici pour prendre le quiz!

Statistiques générales

  • Ce quiz a été pris 333 fois
    (5 depuis la dernière actualisation)
  • Le résultat moyen est 3 sur 30

Statistiques - réponses

QuestionRéponse% Correct
Fratrie présente en championnat du monde GP actuellementBinder / Marquez / Fernandez
75%
Champion DucatiCasey Stoner / Francesco Bagnaia
75%
Il a crié victoire un tour trop tôtJulian Simon / Aleix Espargaro
50%
A partir de 2010 il a converti sa première pole de rookie en victoireMichele Pirro / Marc Marquez / Maverick Vinales / Joan Mir / Raul Fernandez / David Alonso
25%
A partir de 2000, il est parti trop tôtShoya Tomizawa / Marco Simoncelli / Luis Salom / Nicky Hayden / Daijiro Kato / Jason Dupasquier
25%
Talent sous la pluie, il est connu pour ses disqualificationsAnthony West
0%
Ancien pilote australien avec un nom en palindromeArthur Sissis
0%
Parti dernier, il a gagné sa 1ere victoireBrad Binder / Pedro Acosta
0%
Il a gagné dès son premier GPCan Oncü
0%
Pilote espagnol dont le nom de famille est une capitaleEsteve Rabat
0%
Il a réalisé un HAT TRICK pour sa première victoire en carrièreFabio Quartararo / Johann Zarco
0%
Son nom sonne comme un synonyme d'arretFlorian Alt
0%
Pilote champion du monde moto 2 dont le nom est une marque de motoFranco Morbidelli
0%
Des victoires il en a 122Giacomo Agostini
0%
Le Raymond Poulidor de la motoHans Spaan
0%
595 jours se sont écoulés entre sa victoire en moto3 et sa victoire en GPJack Miller
0%
Il a fait du cross lors d'un GP de FranceJakub Kornfeil
0%
Depuis son arrivée en Moto GP il a essayé 5 motos sauf l'ApriliaJohann Zarco
0%
49 victoires consécutives pour ce chassisKalex
0%
Il gagne en roulant à 70%Khairul Idham Pawi
0%
Circuit autorisé qu'au Moto GP durant des annéesLaguna Seca
0%
A partir de 1975 : Il lui manquait 46 points pour le titreMarco Bezzecchi / Doug Chandler / Roland Freymond / Harald Bartol / Giacomo Agostini / Patrick Pons / Miguel Oliveira / Enea Bastianini
0%
Elles affrontent les hommes ses dernieres annéesMaria Herrera / Ana Carrasco / Elena Rosell
0%
Seul pilote a avoir fait sonner son hymne nationalMiguel Oliveira / Gabor Talmacsi / Sebastien Porto / Kent Andersson / Khairul Idham Pawi / Simon Crafar / David Alonso
0%
Pilote finlandais dont le père a 2 titres avec Johann ZarcoNiklas Ajo
0%
Connu pour appuyer sur le frein d'un autreRomano Fenati
0%
2019 fut l'année de sa première victoireSergio Garcia / Danilo Petrucci / Jaume Masia / Tatsuki Suzuki / Tony Arbolino / Marcos Ramirez / Augusto Fernandez
0%
Pilote rookie vainqueur mais pas Rookie of the YearSergio Garcia / Romano Fenati / Michele Pirro / Mika Kallio / Izan Guevara / Xavier Artigas / Collin Veijer
0%
Ancien pilote norvégien maintenant surferSturla Fagerhaug
0%
Le "Sepangate" lui a fait tout perdreValentino Rossi
0%

Distribution des résultats

Percentile par nombre de réponses

% des personnes avec chaque résultat

Votre développement - résultats

Vous n’avez pas pris ce quiz depuis la dernière actualisation